| 000 | 00935cgm a22002175a 4500 | ||
|---|---|---|---|
| 001 | L138027 | ||
| 008 | 070511s2007 xxuo g 93 000 0 eng d | ||
| 035 | _a(Sirsi) u138027 | ||
| 041 | 0 | _aeng | |
| 050 | 0 | 4 | _a333.72 $2 18 |
| 100 | 1 | _aGore, Al | |
| 245 | 0 | 3 |
_aAn inconvenient truth _ba global warning _h[videorecording] |
| 260 |
_aLos Angeles _bParamount Classics _c2006 |
||
| 300 | _a1 DVD (93 mins.) | ||
| 350 | _a4.97 | ||
| 520 | _aFormer Vice President Al Gore presents a compelling view of the future of our planet and civilisation. Delivers the message that global warming is a real and present danger. Makes the argument that society must act now to save the earth. Describes how changes can be made in the way we live our lives. | ||
| 651 | 4 | _aInternational | |
| 690 | _aENVIRONMENTAL AND LAND CONSULTANCY | ||
| 856 | 4 | 8 |
_uhttps://www.rics.org/library _zAudio Visual materials can only be used in the library. |
| 942 | _n0 | ||
| 999 |
_c85443 _d85443 |
||